| 000 | 00396nam a2200145Ia 4500 | ||
|---|---|---|---|
| 008 | 230917s9999||||xx |||||||||||||| ||und|| | ||
| 040 |
_e40680 _aMAIN |
||
| 041 | _aEnglish | ||
| 082 | _a968.9 M381B | ||
| 100 | _aMason, Philip | ||
| 245 | 0 | _aBirth of a Dilemma: The conquest and settlement of Rhodesia | |
| 260 |
_aLondon _bOxford University Press _c1962 |
||
| 300 | _axi, 366 p. | ||
| 942 | _cBK | ||
| 999 |
_c183911 _d183911 |
||